[Event "Bohumin op-A 8th"]
[Site "Bohumin"]
[Date "2025.07.04"]
[Round "8"]
[White "Witczak, Borys"]
[Black "Zidek, Vaclav"]
[Result "1/2-1/2"]
[WhiteElo "2037"]
[BlackElo "2095"]
[PlyCount "79"]
[EventDate "2025.06.28"]
[EventType "swiss"]
[EventRounds "9"]
[EventCountry "CZE"]
[SourceTitle "CB28_2025"]
[SourceDate "2025.07.09"]
[SourceVersion "1"]
[SourceVersionDate "2025.07.09"]
[SourceQuality "1"]

1. d4 e6 2. c4 Nf6 3. Nc3 Bb4 4. e3 c5 5. Nge2 cxd4 6. exd4 d5 7. c5 0-0 8. Bg5 b6 9. a3 Bxc3+ 10. Nxc3 a5 11. Na4 bxc5 12. dxc5 Qc7 13. Bxf6 gxf6 14. Bd3 Qe5+ 15. Qe2 Nc6 16. 0-0 Qxe2 17. Bxe2 Rb8 18. Nb6 Nd4 19. Bd1 Rd8 20. b4 Ba6 21. Re1 Rb7 22. Ra2 Ra7 23. Rd2 e5 24. f4 axb4 25. axb4 Nc6 26. Rxd5 Rxd5 27. Nxd5 Kg7 28. Ba4 Bb7 29. Bxc6 Bxc6 30. Nc3 Ra3 31. Rc1 Rb3 32. b5 Bxb5 33. Nd5 Rd3 34. Nb6 Bc6 35. fxe5 Rd2 36. exf6+ Kxf6 37. Rf1+ Ke6 38. Rf2 Rd1+ 39. Rf1 Rd2 40. Rf2 1/2-1/2

[Event "Bohumin op-A 8th"]
[Site "Bohumin"]
[Date "2025.06.29"]
[Round "2"]
[White "Zidek, Vaclav"]
[Black "Niesyt, Michal"]
[Result "1/2-1/2"]
[WhiteElo "2095"]
[BlackElo "1933"]
[PlyCount "60"]
[EventDate "2025.06.28"]
[EventType "swiss"]
[EventRounds "9"]
[EventCountry "CZE"]
[SourceTitle "CB28_2025"]
[SourceDate "2025.07.09"]
[SourceVersion "1"]
[SourceVersionDate "2025.07.09"]
[SourceQuality "1"]

1. d4 Nf6 2. c4 e6 3. Nc3 Bb4 4. f3 Nh5 5. Be3 f5 6. Bf2 0-0 7. Qc2 b6 8. e3 Ba6 9. a3 Be7 10. Bd3 d5 11. cxd5 Bxd3 12. Qxd3 exd5 13. Nge2 c6 14. 0-0 Nd7 15. Rac1 Rc8 16. Qa6 Rc7 17. Ng3 Nb8 18. Qa4 Nxg3 19. Bxg3 Bd6 20. Bxd6 Qxd6 21. Qc2 Re7 22. Qd3 Rfe8 23. Rfe1 Qh6 24. Rc2 Rxe3 25. Rxe3 Rxe3 26. Qxf5 Qh4 27. Qc8+ Kf7 28. Qf5+ Kg8 29. Qc8+ Kf7 30. Qf5+ Kg8 1/2-1/2

[Event "CZE-chT1E 2324"]
[Site "Czech Republic"]
[Date "2024.03.03"]
[Round "9.7"]
[White "Zidek, Vaclav"]
[Black "Fuksik, Jakub"]
[Result "1-0"]
[WhiteElo "2142"]
[BlackElo "2114"]
[PlyCount "101"]
[EventDate "2023.10.22"]
[EventType "team-tourn"]
[EventRounds "11"]
[EventCountry "CZE"]
[SourceTitle "EXT 2025"]
[Source "ChessBase"]
[SourceDate "2024.10.14"]
[SourceVersion "1"]
[SourceVersionDate "2024.10.14"]
[SourceQuality "1"]
[WhiteTeam "Poruba Slavoj II"]
[BlackTeam "Grygov Proclient"]
[WhiteTeamCountry "CZE"]
[BlackTeamCountry "CZE"]

1. d4 d5 2. c4 c6 3. Nf3 Nf6 4. Nc3 a6 5. e3 b5 6. b3 Bg4 7. Be2 e6 8. 0-0 Bd6 9. Bb2 Nbd7 10. h3 Bh5 11. Nd2 Bg6 12. Bf3 bxc4 13. bxc4 Rb8 14. Qc1 Qb6 15. Ba3 Bxa3 16. Qxa3 Qb2 17. Qxb2 Rxb2 18. Nb3 0-0 19. cxd5 cxd5 20. Na4 Rc2 21. Rfc1 Rfc8 22. Nac5 Nxc5 23. Nxc5 Rxc1+ 24. Rxc1 Nd7 25. Be2 a5 26. Ba6 Rc7 27. Kf1 Nb6 28. Rc3 Nd7 29. Ke2 h6 30. Kd2 Ra7 31. Nxd7 Rxd7 32. Rc8+ Kh7 33. Rc5 a4 34. Ra5 Rc7 35. Bd3 Bxd3 36. Kxd3 Rc4 37. a3 Kg6 38. Rc5 Rxc5 39. dxc5 Kf6 40. Kc3 Ke7 41. Kb4 Kd7 42. Kxa4 Kc6 43. Kb4 e5 44. a4 f6 45. a5 h5 46. h4 g5 47. g3 g4 48. a6 f5 49. Ka4 d4 50. exd4 e4 51. d5+ 1-0

[Event "CZE-chT1E 2324"]
[Site "Czech Republic"]
[Date "2024.02.04"]
[Round "7.7"]
[White "Zidek, Vaclav"]
[Black "Kubos, Rostislav"]
[Result "0-1"]
[WhiteElo "2142"]
[BlackElo "2164"]
[PlyCount "84"]
[EventDate "2023.10.22"]
[EventType "team-tourn"]
[EventRounds "11"]
[EventCountry "CZE"]
[SourceTitle "EXT 2025"]
[Source "ChessBase"]
[SourceDate "2024.10.14"]
[SourceVersion "1"]
[SourceVersionDate "2024.10.14"]
[SourceQuality "1"]
[WhiteTeam "Poruba Slavoj II"]
[BlackTeam "Orlova Slavia"]
[WhiteTeamCountry "CZE"]
[BlackTeamCountry "CZE"]

1. d4 Nf6 2. c4 g6 3. f3 Bg7 4. e4 d6 5. Nc3 0-0 6. Be3 Nbd7 7. Qd2 c5 8. Nge2 Qa5 9. Nc1 cxd4 10. Bxd4 a6 11. a3 Qc7 12. Be2 Nh5 13. Nb3 Bxd4 14. Nxd4 e5 15. Nd5 Qd8 16. Nc2 Qh4+ 17. Kf1 Nc5 18. Qe1 Qd8 19. g4 Nf6 20. Rd1 Nxd5 21. cxd5 f5 22. b4 fxg4 23. bxc5 gxf3 24. Qg3 fxe2+ 25. Kxe2 Rf4 26. cxd6 Bg4+ 27. Kd2 Bxd1 28. Rxd1 Qxd6 29. h4 Qc5 30. Qb3 Rf2+ 31. Kc1 Rc8 32. Rd2 Rxd2 33. Kxd2 Qxc2+ 34. Qxc2 Rxc2+ 35. Kxc2 Kf7 36. a4 b6 37. Kc3 h6 38. Kb4 g5 39. a5 bxa5+ 40. Kc5 Ke7 41. hxg5 hxg5 42. Kc6 Kd8 0-1

[Event "Moravia-Silesia Region-chT 2223"]
[Site "Czech Republic"]
[Date "2022.12.11"]
[Round "5"]
[White "Mrazek, Roman1"]
[Black "Zidek, Vaclav"]
[Result "1/2-1/2"]
[WhiteElo "2012"]
[BlackElo "2126"]
[PlyCount "47"]
[EventDate "2022.10.09"]
[EventType "team-tourn"]
[EventRounds "11"]
[EventCountry "CZE"]
[SourceTitle "EXT 2024"]
[Source "ChessBase"]
[SourceDate "2023.10.10"]
[SourceVersion "1"]
[SourceVersionDate "2023.10.10"]
[SourceQuality "1"]
[WhiteTeam "Orlova Slavia III"]
[BlackTeam "Poruba Slavoj IV"]
[WhiteTeamCountry "CZE"]
[BlackTeamCountry "CZE"]

1. e4 e6 2. d4 d5 3. exd5 exd5 4. Bd3 c5 5. c3 Nc6 6. Ne2 cxd4 7. cxd4 Nf6 8. Nbc3 Be7 9. 0-0 0-0 10. h3 Re8 11. Bf4 Be6 12. Rc1 Rc8 13. Qd2 Qd7 14. Rfd1 Bf5 15. Bxf5 Qxf5 16. Ng3 Qd7 17. Qd3 g6 18. Bg5 a6 19. Nf1 Ne4 20. Bxe7 Nxc3 21. Rxc3 Nxe7 22. Rdc1 Rxc3 23. Rxc3 Rc8 24. Ne3 1/2-1/2

[Event "CZE-chT2F 1920"]
[Site "Czech Republic"]
[Date "2020.06.28"]
[Round "11.1"]
[White "Zidek, Vaclav"]
[Black "Sramek, Vojtech"]
[Result "1-0"]
[WhiteElo "2108"]
[BlackElo "2177"]
[PlyCount "95"]
[EventDate "2019.10.13"]
[EventType "team-tourn"]
[EventRounds "11"]
[EventCountry "CZE"]
[SourceTitle "EXT 2024"]
[Source "ChessBase"]
[SourceDate "2023.10.10"]
[SourceVersion "1"]
[SourceVersionDate "2023.10.10"]
[SourceQuality "1"]
[WhiteTeam "Poruba Slavoj III"]
[BlackTeam "Orlova Slavia II"]
[WhiteTeamCountry "CZE"]
[BlackTeamCountry "CZE"]

1. d4 d5 2. c4 c6 3. Nf3 Nf6 4. Nc3 e6 5. Bg5 dxc4 6. e4 b5 7. e5 h6 8. Bh4 g5 9. Nxg5 hxg5 10. Bxg5 Nbd7 11. exf6 Bb7 12. g3 Qb6 13. Bg2 0-0-0 14. 0-0 c5 15. d5 b4 16. Na4 Qa6 17. a3 Bxd5 18. Bxd5 Ne5 19. axb4 Rxd5 20. Qe2 cxb4 21. Bf4 Nd3 22. Be3 Ra5 23. b3 Qc6 24. bxc4 Ne5 25. f4 Nd7 26. Qg2 Qa6 27. Bd4 Kc7 28. Qc2 Nb8 29. Be5+ Kc8 30. Rfd1 Nc6 31. Bd6 Bxd6 32. Rxd6 Kc7 33. c5 Rh5 34. Qd1 Rd5 35. Rxd5 exd5 36. Qxd5 Rxa4 37. Qxf7+ Kb8 38. Qe8+ Kc7 39. Qf7+ Kb8 40. Qf8+ Kb7 41. Qg7+ Kb8 42. Re1 Ra1 43. Qg8+ Kb7 44. Qf7+ Kc8 45. Qe6+ Kc7 46. f7 Rxe1+ 47. Qxe1 Qc8 48. Qd1 1-0

[Event "CZE-chT2F 1819"]
[Site "Czech Republic"]
[Date "2019.01.27"]
[Round "7.3"]
[White "Zidek, Vaclav"]
[Black "Kolar, Stanislav"]
[Result "1-0"]
[WhiteElo "2170"]
[BlackElo "2065"]
[PlyCount "99"]
[EventDate "2018.10.14"]
[EventType "team-tourn"]
[EventRounds "11"]
[EventCountry "CZE"]
[SourceTitle "EXT 2022"]
[Source "ChessBase"]
[SourceDate "2021.10.06"]
[SourceVersion "1"]
[SourceVersionDate "2021.10.06"]
[SourceQuality "1"]
[WhiteTeam "Poruba Slavoj III"]
[BlackTeam "Havirov Banik"]
[WhiteTeamCountry "CZE"]
[BlackTeamCountry "CZE"]

1. d4 Nf6 2. c4 e6 3. Nc3 Bb4 4. f3 d5 5. a3 Bxc3+ 6. bxc3 0-0 7. cxd5 exd5 8. e3 Re8 9. Bd3 c5 10. Ne2 b6 11. 0-0 Ba6 12. Bxa6 Nxa6 13. Qd3 Nc7 14. Ng3 Ne6 15. Bb2 Rc8 16. e4 cxd4 17. cxd4 dxe4 18. fxe4 Nc5 19. Qf3 Ncxe4 20. Nxe4 Rxe4 21. d5 Qxd5 22. Rad1 Qc5+ 23. Kh1 Re6 24. Rc1 Qf8 25. Qb7 Rxc1 26. Rxc1 Qe7 27. Qc8+ Ne8 28. h3 Re2 29. Rc2 Re1+ 30. Kh2 Qd6+ 31. g3 h5 32. h4 Qd5 33. Rg2 Qd1 34. Rf2 Rh1+ 35. Kg2 Qd5+ 36. Rf3 Re1 37. Qc2 Rd1 38. Bc3 Rd3 39. Qxd3 Qa2+ 40. Rf2 Qxa3 41. Qf3 Qb3 42. Qc6 Nf6 43. Bxf6 gxf6 44. Qxf6 Qd5+ 45. Qf3 Qe6 46. Qxh5 a5 47. Qg5+ Kf8 48. h5 a4 49. h6 a3 50. Qd8+ 1-0

[Event "CZE-chT2F 1718"]
[Site "Czech Republic"]
[Date "2018.04.08"]
[Round "11.5"]
[White "Tomaszewski, Kacper"]
[Black "Zidek, Vaclav"]
[Result "0-1"]
[WhiteElo "2284"]
[BlackElo "2129"]
[PlyCount "74"]
[EventDate "2017.10.15"]
[EventType "team-tourn"]
[EventRounds "11"]
[EventCountry "CZE"]
[SourceTitle "EXT 2022"]
[Source "ChessBase"]
[SourceDate "2021.10.06"]
[SourceVersion "1"]
[SourceVersionDate "2021.10.06"]
[SourceQuality "1"]
[WhiteTeam "Orlova Slavia"]
[BlackTeam "Poruba Slavoj II"]
[WhiteTeamCountry "CZE"]
[BlackTeamCountry "CZE"]

1. d4 d5 2. c4 c6 3. Nc3 dxc4 4. e4 b5 5. a4 b4 6. Nce2 Nf6 7. Ng3 c3 8. bxc3 bxc3 9. Nf3 e5 10. Bc4 exd4 11. Qxd4 Qxd4 12. Nxd4 Bb4 13. 0-0 0-0 14. Bg5 Nfd7 15. Nc2 a5 16. Rfb1 Ba6 17. Be2 Bxe2 18. Nxe2 Na6 19. Be3 Rfe8 20. f3 f5 21. Rd1 Ndc5 22. Ned4 fxe4 23. Nxc6 exf3 24. N6xb4 axb4 25. Bxc5 b3 26. Ba3 bxc2 27. Rf1 Rad8 28. Rxf3 Rd1+ 29. Rf1 Rxa1 30. Rxa1 Rd8 31. Rf1 Rd1 32. a5 Nc5 33. Bc1 Nb3 34. a6 Nxc1 35. a7 Ne2+ 36. Kf2 Rxf1+ 37. Kxe2 Ra1 0-1

[Event "CZE-chT1E 1617"]
[Site "Czech Republic"]
[Date "2016.10.16"]
[Round "1.1"]
[White "Zidek, Vaclav"]
[Black "Husek, Martin"]
[Result "1-0"]
[WhiteElo "2175"]
[BlackElo "2089"]
[PlyCount "83"]
[EventDate "2016.10.16"]
[EventType "team-tourn"]
[EventRounds "11"]
[EventCountry "CZE"]
[SourceTitle "CBM 175 Extra"]
[Source "ChessBase"]
[SourceDate "2016.12.12"]
[SourceVersion "1"]
[SourceVersionDate "2016.12.12"]
[SourceQuality "1"]
[WhiteTeam "Opava KVS"]
[BlackTeam "Stare Mesto"]
[WhiteTeamCountry "CZE"]
[BlackTeamCountry "CZE"]

1. d4 Nf6 2. c4 e6 3. g3 Bb4+ 4. Bd2 Be7 5. Bg2 d5 6. Nf3 0-0 7. 0-0 c6 8. Qc2 Nbd7 9. b3 Ne4 10. Bf4 b6 11. Nbd2 Nxd2 12. Nxd2 Bb7 13. e4 Rc8 14. Rac1 Ba3 15. Rcd1 c5 16. Nb1 Bb4 17. a3 Ba5 18. dxc5 bxc5 19. exd5 e5 20. Bd2 Bxd2 21. Nxd2 f5 22. b4 Ba6 23. Qa4 Rf6 24. d6 Rxd6 25. b5 Nb6 26. Qc2 Qd7 27. Nb3 Bxb5 28. Rxd6 Qxd6 29. cxb5 c4 30. Na5 Qxa3 31. Nc6 e4 32. Rc1 a6 33. Qc3 Qc5 34. Qd4 Qxd4 35. Nxd4 Rd8 36. Nc6 Rd6 37. Ne7+ Kf8 38. Nxf5 Rf6 39. bxa6 Rxf5 40. Rb1 Rf6 41. a7 c3 42. Rxb6 1-0